logo

Bir Sreshtho Munshi Abdur Rouf Library
Jhenaidah Cadet College

Foundations of electromagnetic theory / (Record no. 8296)

MARC details
000 -LEADER
fixed length control field 00967nam a2200313 a 4500
001 - CONTROL NUMBER
JCCL Control Number 8296
003 - CONTROL NUMBER IDENTIFIER
JCCL marc code UkOxU
005 - DATE AND TIME OF LATEST TRANSACTION
control field 20220303134022.0
008 - FIXED-LENGTH DATA ELEMENTS--GENERAL INFORMATION
fixed length control field 891213s1979 enka 001 0 eng d
020 ## - INTERNATIONAL STANDARD BOOK NUMBER
International Standard Book Number 0201063417
035 ## - SYSTEM CONTROL NUMBER
system control number (BD-JhCC)8296
040 ## - CATALOGING SOURCE
Original cataloging agency BD-JhCC
Modifying agency BD-JhCC
041 ## - LANGUAGE CODE
Language code of Book eng
082 ## - DEWEY DECIMAL CLASSIFICATION NUMBER
Classification number 530.141
Author mark and Year REI 1979
100 1# - MAIN ENTRY--PERSONAL NAME
Personal name Reitz, John R.
245 10 - TITLE STATEMENT
Title Foundations of electromagnetic theory /
Statement of responsibility, etc John R. Reitz, Frederick J. Milford, Robert W. Christy.
250 ## - EDITION STATEMENT
Edition statement 3rd ed.
260 ## - PUBLICATION, DISTRIBUTION, ETC. (IMPRINT)
Place of publication, distribution, etc Reading, Mass ;
-- Wokingham :
Name of publisher, distributor, etc Addison-Wesley,
Date of publication, distribution, etc 1979.
300 ## - PHYSICAL DESCRIPTION
Pagination 534 p.:
Dimensions 21 cm.
490 1# - SERIES STATEMENT
Series statement Addison-Wesley series in physics
490 1# - SERIES STATEMENT
Series statement Addison-Wesley world student series
650 #0 - SUBJECT ADDED ENTRY--TOPICAL TERM
Topical term or geographic name as entry element Electromagnetic theory.
700 1# - ADDED ENTRY--PERSONAL NAME
Personal name Christy, Robert W.
700 1# - ADDED ENTRY--PERSONAL NAME
Personal name Milford, Frederick J.
Fuller form of name (Frederick John)
830 #0 - SERIES ADDED ENTRY--UNIFORM TITLE
Uniform title Addison-Wesley series in physics
830 #0 - SERIES ADDED ENTRY--UNIFORM TITLE
Uniform title Addison-Wesley world student series.
942 ## - ADDED ENTRY ELEMENTS (KOHA)
Source of classification or shelving scheme Dewey Decimal Classification
Koha item type Books
Koha issues (borrowed), all copies 2
Holdings
Source of classification or shelving scheme Damaged status Not for loan Home library Current library Shelving location Date of accession Total Checkouts Full call number Barcode Date last seen Date checked out Copy number Koha item type
Dewey Decimal Classification     JCC Rouf Library JCC Rouf Library General Stacks 07/17/2024 2 530.141 REI 1979 10820 07/28/2024 07/17/2024 C - 1 Books
Dewey Decimal Classification     JCC Rouf Library JCC Rouf Library General Stacks 02/22/2018   530.141 REI 1979 10743 02/22/2018   C-2 Books

JCC Library | Contacts | JCC Home

Last Update on 23 September 2017
Copyright @ 2017-2020 JCC Rouf Library
Rouf Library, Jhenidah Cadet College (JCC), Bangladesh